Classe de 2e a,c,t
Saved in:
| Main Authors: | , |
|---|---|
| Format: | Bog |
| Sprog: | fransk |
| Udgivet: |
París
Bordas
1970
|
| Serier: | Collection de mathématiques. E.Cossart, P. Théron
|
| Fag: | |
| Tags: |
Tilføj Tag
Ingen Tags, Vær først til at tagge denne postø!
|
MARC
| LEADER | 00000nam a2200000 a 4500 | ||
|---|---|---|---|
| 001 | UCW1042 | ||
| 003 | CL-VaPUC | ||
| 008 | 901004e19700000FR |||||||||||||||||fre|d | ||
| 082 | 0 | 4 | |a 510.7 |b THE |2 21 |
| 100 | 0 | |a Théron, Pierre |e author |9 304965 | |
| 700 | 0 | |a Mordelet, Camille |e author |9 304966 | |
| 245 | 1 | 0 | |a Classe de 2e a,c,t |
| 300 | |a 2 v | ||
| 942 | |c BK | ||
| 945 | |d 19901004 00:00:00 |a mfernand | ||
| 260 | |a París |b Bordas |c 1970 | ||
| 650 | 0 | |a Matemática |9 260235 | |
| 650 | 0 | |a Libros de texto |9 270019 | |
| 583 | |a last modification |c 20140821 04:20:06 |k Rodrigo Vera | ||
| 490 | 0 | |a Collection de mathématiques. E.Cossart, P. Théron | |
| 999 | |c 216020 |d 216018 | ||
| 952 | |0 0 |1 0 |4 0 |6 510_700000000000000_THE_1970 |7 0 |8 A |9 201383 |a BIBMAT |b BIBMAT |d 2019-11-14 |h v.1 |i 2685590 |o 510.7 THE 1970 |p 2685590 |r 2025-01-07 |w 2019-11-14 |y BK |k MAT | ||
| 952 | |0 0 |1 0 |4 0 |6 510_700000000000000_THE_1970 |7 0 |8 A |9 201384 |a BIBMAT |b BIBMAT |d 2019-11-14 |h v.2 |i 2685604 |o 510.7 THE 1970 |p 2685604 |r 2025-01-07 |w 2019-11-14 |y BK |k MAT | ||